000 00952nam a2200265Ia 4500
003 OSt
005 20220923211519.0
006 a|||||r|||| 00| 0
007 ta
008 220922b |||||||| |||| 00| 0 hin d
020 _a9789380458359 (hbk)
_c360
024 _a272,860
037 _b23063, 16/08/2013, Kitab Ghar
_cTextual
040 _aARTS
_cARTS
_bhin
041 _2hin
_ahin
082 _aO152(Y15)v, Q2
100 _aमाधव, नीरजा
245 0 _aहिन्दी साहित्य का ओझल नारी इतिहास
246 _aHindī sāhitya kā ozal nārī itihāsa
260 _aनई दिल्ली
_b सामयिक बुक्स
_c2012
300 _a239पृ.
_ccm.
650 _aहिन्दी साहित्य
_9156264
942 _hO152(Y15)v, Q2
_cTEXL
_2CC
999 _c300277
_d300277